Preference of Visual Discrimination Factors in Childhood

Bibliographic Details
Main Authors: Lipák, Jenö (Author), Szombati, Gábor (Author), Kleininger, Otto (Author)
Format: Article
Language:Slovak
English
PhysicalDescription:Obr.
Subjects:

MARC

LEADER 00000nab a2200000 a 4500
001 vtls008771131
003 SK-MaSNL
005 20260304134508.0
008 250505 1976 xo 000 0 slo
015 |a SNBRB1977 
035 |a (uuid)03805443-0a44-47fe-b0a6-9052939d8822 
035 |a urn:nbn:sk:snk-ab2u19 
035 |a (urnnbn)urn:nbn:sk:snk:ar-a02xwx 
040 |a SNKBUCL  |b slo  |c SNKBUCL  |e AACR2 
041 0 |a eng  |b slo  |b rus 
044 |a xo  |c SK 
080 |a 159.922.7  |2 2001 
100 1 |a Lipák, Jenö  |4 aut  |9 1452472 
245 1 0 |a Preference of Visual Discrimination Factors in Childhood  |c Jenö Lipák, Gábor Szombati, Otto Kleininger 
300 |b Obr. 
504 |a Bibliogr. odkazy 
546 |a Res slov., rus. 
650 0 7 |a psychológia dieťaťa  |2 snkbucl  |9 1793 
650 0 7 |a vizuálno-diskriminačné faktory  |2 snkbucl  |9 1452473 
650 0 7 |a detstvo  |2 snkbucl  |9 3828 
700 1 |a Szombati, Gábor  |4 aut  |9 1452474 
700 1 |a Kleininger, Otto  |4 aut  |9 1452475 
773 0 |t Studia psychologica  |g Roč. 18, č. 4 (1976), s. 292-306 
850 |a Slovenská národná knižnica 
852 |a Slovenská národná knižnica 
958 |a article27 
958 |a NB 
958 |a OND 
958 |a EUIPO 
999 |c 2907021  |d 2908951